000 00613nam a2200205 a 4500
001 72873
003 BD-RjUL
005 20211209082323.0
008 170524s1994 ph ao||| |||| 00| 0 eng d
035 _a(BD-RjUL)73091
040 _aBD-RjUL
_beng
_cBD-RjUL
041 _aeng
082 _223
_a633.18
_bVAW 1994
100 _aVaughan, Duncan A.
_9215553
245 1 4 _aThe wild relatives of rice :
_ba genetic resources handbook /
_cDuncan A. Vaughan
260 _aManila :
_bInternational Rice Research Institute,
_c1994
300 _avii, 137 p. :
_bill. ;
_c28 cm.
650 _aRice
_9215554
942 _2ddc
_cBK
999 _c72873
_d72873